Người chân chính Tác phẩm dự thi sáng tác văn học của nhà xuất bản Hà Nội
v.v...
Đã lưu trong:
| Tác giả chính: | |
|---|---|
| Định dạng: | Sách |
| Năm xuất bản: |
H.
Nxb Hà Nội
1993
|
| Chủ đề: | |
| Tags: |
Thêm thẻ
Không có thẻ, Hãy là người đầu tiên gắn thẻ bản ghi này!
|
| LEADER | 00795nam a2200181 4500 | ||
|---|---|---|---|
| 082 | |a 895.922334 |b D550V | ||
| 100 | |a Dư Văn Chất | ||
| 245 | |a Người chân chính |c Dư Văn Chất |b Tác phẩm dự thi sáng tác văn học của nhà xuất bản Hà Nội | ||
| 260 | |a H. |b Nxb Hà Nội |c 1993 | ||
| 300 | |a 363 tr. |c 19 cm. | ||
| 520 | |a v.v... | ||
| 653 | |a Văn học hiện đại | ||
| 653 | |a Việt Nam | ||
| 653 | |a Tiểu thuyết | ||
| 942 | |2 ddc |c STK0 | ||
| 999 | |c 3581 |d 3581 | ||
| 952 | |0 0 |1 0 |2 ddc |4 0 |6 895_922334000000000_D550V |7 1 |8 800 |9 37299 |a qbu |b qbu |c D5 |d 2014-12-16 |g 16000 |o 895.922334 D550V |p 1282.c1 |r 0000-00-00 |w 2014-12-16 |y STK0 | ||
| 952 | |0 0 |1 0 |2 ddc |4 0 |6 895_922334000000000_D550V |7 0 |8 800 |9 37300 |a qbu |b qbu |c D5 |d 2014-12-16 |g 16000 |o 895.922334 D550V |p 1282.c2 |r 0000-00-00 |w 2014-12-16 |y STK0 | ||